00701cam a22002171 4500001001300000003000400013005001700017008004100034010001700075035001800092040001800110050001700128100002200145245009400167260006700261300001800328500001700346651003200363610007100395999001700466sa 68018053 DLC20260227112708.0721109s1966 xx 000 0 ind  asa 68018053  a(OCoLC)491478 aDLCcOAUdDLC00aHC447b.S5861 aSoemardjan, Selo.10aBeberapa aspek non-ekonomis dalam perentjanaan pembangunan ekonomi,coleh Selo Sumardjan. aDjakarta,bLembaga Ekonomi dan Kemasjarakatan Nasional,c1966. a24 l.c27 cm. aCover title. 0aIndonesiaxEconomic policy.10aJakarta (Indonesia).bLembaga Ekonomi dan Kemasjarakatan Nasional. c88144d88144